|
|
|
|
| LEADER |
01137nam a2200277 4500 |
| 001 |
0023802 |
| 003 |
BD-DhAAL |
| 008 |
111123s2008 bg w 000 0 mul d |
| 040 |
|
|
|a BD-DhAAL
|c BD-DhAAL
|
| 082 |
0 |
0 |
|a 348.5492046
|2 22
|
| 245 |
0 |
4 |
|a The mainstream Law Reports.
|n Volume XIII /
|c edited by Khondaker Md. Abu Bakar.
|
| 246 |
1 |
7 |
|a MLR
|
| 260 |
|
|
|a Dhaka :
|b Shahanaj Khondaker,
|c 2008.
|
| 300 |
|
|
|a Various paging's ;
|c 24 cm
|
| 362 |
0 |
|
|a Vol. 13
|
| 500 |
|
|
|a Regd. DA-NO 50/95, Vol-XIII
|
| 500 |
|
|
|a Citation :13 MLR (AD)(HC)
|
| 500 |
|
|
|a a monthly legal journal
|
| 541 |
|
|
|e 00023802
|
| 650 |
|
0 |
|a Law reports, digests, etc.
|z Bangladesh.
|
| 700 |
|
|
|a Abu Bakar, Khondaker Muhammad.
|9 59442
|
| 852 |
1 |
|
|a Ayesha Abed Library
|j \
|
| 942 |
|
|
|2 ddc
|c 1HOUR
|
| 999 |
|
|
|c 11498
|d 11498
|
| 952 |
|
|
|0 0
|1 0
|2 ddc
|4 0
|6 348_549200000000000_046_MAI
|7 0
|9 18663
|a BRACUL
|b BRACUL
|c REF
|d 2011-11-23
|g 500.00
|l 5
|o 348.5492046 MAI
|p 3010023802
|r 2025-05-08
|s 2025-05-07
|t 1
|w 2011-11-23
|y 1HOUR
|
| 952 |
|
|
|0 0
|1 0
|2 ddc
|4 0
|6 348_549204600000000_MAI
|7 0
|9 19893
|a BRACUL
|b BRACUL
|c REF
|d 2012-04-04
|l 1
|o 348.5492046 MAI
|p 3010024872
|r 2017-11-18
|s 2017-11-18
|t 2
|w 2012-04-04
|y RSV
|